Normal view
MARC view
- Abdul, Hameed Mian
Entry Personal Name
001 - CONTROL NUMBER
- control field: 68797
003 - CONTROL NUMBER IDENTIFIER
- control field: NUST
005 - DATE AND TIME OF LATEST TRANSACTION
- control field: 20210628204118.0
008 - FIXED-LENGTH DATA ELEMENTS
- fixed length control field: 210628|| aca||aabn | a|a d
040 ## - CATALOGING SOURCE
- Original cataloging agency: NUST
- Transcribing agency: NUST
100 ## - HEADING--PERSONAL NAME
- Personal name: Abdul, Hameed Mian
670 ## - SOURCE DATA FOUND
- Source citation: Work cat.: (NUST): Abdul, Hameed Mian, The renaissance of the muslim ummah, 1995
